ბათუმის შოთა რუსთაველის სახელმწიფო უნივერსიტეტის ბიბლიოთეკა

International review of the Red Cross. volume 95, Part I. number 889 Spring 2013 (ბიბ.ჩანაწერი № 47320)

000 -LEADER
fixed length control field 00683nam a2200217Ia 4500
001 - CONTROL NUMBER
control field 14181
003 - CONTROL NUMBER IDENTIFIER
control field GE_BSU
008 - FIXED-LENGTH DATA ELEMENTS--GENERAL INFORMATION
fixed length control field 181216s||||||||xx |||||||||||||| ||und||
040 ## - CATALOGING SOURCE
Transcribing agency GE_BSU
245 ## - TITLE STATEMENT
Title International review of the Red Cross. volume 95, Part I. number 889 Spring 2013
245 ## - TITLE STATEMENT
Remainder of title Violence against health care.Humanitarian debate: Law,Policy,Action
260 ## - PUBLICATION, DISTRIBUTION, ETC.
Place of publication, distribution, etc. Cambridge
260 ## - PUBLICATION, DISTRIBUTION, ETC.
Date of publication, distribution, etc. 2013
300 ## - PHYSICAL DESCRIPTION
Extent 246p.22cm.
520 ## - SUMMARY, ETC.
Summary, etc. ნაჩუქარი
653 ## - INDEX TERM--UNCONTROLLED
Uncontrolled term Humanitarian debate: Law,Policy,Action
653 ## - INDEX TERM--UNCONTROLLED
Uncontrolled term International review of the Red Cross
653 ## - INDEX TERM--UNCONTROLLED
Uncontrolled term Violence against health care
653 ## - INDEX TERM--UNCONTROLLED
Uncontrolled term პერიოდიკა
942 ## - ADDED ENTRY ELEMENTS (KOHA)
Koha item type პერიოდიკა
ეგზემპლარები
Withdrawn status Lost status Damaged status Not for loan Date acquired Barcode Date last seen Price effective from Koha item type Public note
        2018-12-17 p76698 2018-12-17 2018-12-17 პერიოდიკა პერიოდიკა